000 00824nam a2200277Ia 4500
003 GCL
008 140319s9999 xx 000 0 ara d
020 _a4180401977
040 _aGCL /
_cGCL
082 0 4 _a629.41
_bس ا
100 1 _aسعد شعبان
245 1 0 _aاسرار الفضاء /
_cسعد شعبان
250 _aالاولى
260 _aالقاهرة :
_bالهيئة المصرية العامة للكتاب ،
_c1988
300 _a460 ؛
_c22 سم
490 _a
650 0 4 _aالفضاء
650 0 4 _aسفن الفضاء
650 0 4 _aالاقمار الصناعية
650 0 4 _aمركبات الفضاء
650 0 4 _aرحلات الفضاء
650 0 4 _aالفضاء الخارجى
650 0 4 _aرواد الفضاء
650 0 4 _aانعدام الوزن
942 _2ddc
_cBK
999 _c29312
_d29312